Liverpool most expensive sales - Statistics

General Stats
  • This quiz has been taken 84 times
  • The average score is 7 of 10
Answer Stats
Sold to Season Price (€) Player % Correct
Barcelona 17/18 135 million Philippe Coutinho
94%
Barcelona 14/15 81.72 million Luis Suárez
93%
Manchester City 15/16 63.7 million Raheem Sterling
90%
Chelsea 10/11 58.5 million Fernando Torres
87%
Bayern Munich 22/23 32 million Sadio Mané
81%
Al-Ittihad 23/34 46.7 million Fabinho
78%
Real Madrid 09/10 34.5 million Xabi Alonso
71%
Crystal Palace 16/17 31.2 million Christian Benteke
68%
Southampton 19/20 25.1 million Danny Ings
41%
Crystal Palace 17/18 28.2 million Mamadou Sakho
39%
No matching quizzes found
Score Distribution
Percent of People with Each Score
Percentile by Number Answered
Your Score History
You have not taken this quiz